000 01249nam0a22003131 4500
001 RU\NLR\INFOCOMM_253\5000052084
005 20250613101736.0
035 _a(NLR Aleph) 009391173
090 _a8043828
_c8043828
100 _a20101211d1987 |||y0rusy50 ca
101 1 _aeng
_crus
102 _aRU
105 _ay ||||000|y
200 1 _aLatin America against the war danger
_fA. Glinkin, N. Isakova, P. Yakovlev
_g[Transl. from the Russ. by Arkadi Aksyonov]
210 _aM.
_c"Novosti" press agency publ. house
_d1987
215 _a69 с.
_d16 см
300 _aНа послед. с.: Латинская Америка против военной угрозы / Коллектив авт.
606 _aБорьба за мир
_yЛатинская Америка
_2nlr_sh1
607 _aЛатинская Америка
_xВнешняя политика
_z20 в.
_2nlr_sh1
686 _aТ3(70)63-601.1
_2rubbk
700 1 _aGlinkin
_bA. N.
_gAnatolij Nikolaevič
_4070
701 1 _aIsakova
_bN. M.
_gNailja Magitovna
_4070
701 1 _9z01790
_aJakovlev
_bP. P.
_gPetr Pavlovič
_4070
790 1 _9z01701
_aYakovlev
_bP.
_4070
801 1 _aRU
_bNLR
_c20101211
801 0 _aRU
_bNLR
_gPSBO
852 _aNLR
_jИ97 Д-2/126
942 _cBOOK
980 _aNB